Audiologické programy v starostlivosti o sluchovo postihnuté deti

Bibliographic Details
Main Authors: Nováková, Katarína (Author), Zubová, Miroslava (Author)
Format: Article
Language:Slovak
Subjects:

MARC

LEADER 00000nab a2200000 a 4500
001 vtls001504088
003 SK-MaSNL
005 20260304215248.0
008 250505s1997 xo 000 0 slo
035 |a SPKCL6415 
035 |a (urnnbn)urn:nbn:sk:snk:ar-a07m2s 
035 |a (uuid)106cfaac-d674-4fe9-9e9b-e7d7eb3f9b17 
035 |a urn:nbn:sk:snk-ab8a3e 
040 |a SNKBUCL  |b slo  |c SNKBUCL  |e AACR2 
041 0 |a slo 
044 |a xo  |c SK 
080 |a 376.33:376.353  |2 1981 
100 1 |a Nováková, Katarína  |4 aut  |9 301062 
245 1 0 |a Audiologické programy v starostlivosti o sluchovo postihnuté deti  |c Katarína Nováková; Miroslava Zubová 
650 0 7 |a sluchovo postihnuté deti  |2 snkbucl  |9 1077 
650 0 7 |a akustické vnímanie  |2 snkbucl  |9 1497852 
650 0 7 |a surdopédia  |2 snkbucl  |9 69238 
700 1 |a Zubová, Miroslava  |4 aut  |9 296073 
773 0 |t Efeta - otvor sa  |g Roč. 7, č. 3 (1997), s. 7-8 
850 |a Slovenská národná knižnica 
852 |a Slovenská národná knižnica 
954 |a odborná, vedecká literatúra pôvodná (slovenská)  |2 lita 
958 |a article9 
958 |a OND 
958 |a EUIPO 
999 |c 3145576  |d 3147506